Don your fireman's outfit (Record no. 74924)
[ view plain ]
| 000 -LEADER | |
|---|---|
| fixed length control field | 01085cab a2200229 4500 |
| 001 - CONTROL NUMBER | |
| control field | X129065 |
| 008 - FIXED-LENGTH DATA ELEMENTS--GENERAL INFORMATION | |
| fixed length control field | 050315n2005 000 0 eng u |
| 035 ## - SYSTEM CONTROL NUMBER | |
| System control number | (Sirsi) u129065 |
| 100 ## - MAIN ENTRY--PERSONAL NAME | |
| Personal name | Draper, D. |
| 245 ## - TITLE STATEMENT | |
| Title | Don your fireman's outfit |
| 260 ## - PUBLICATION, DISTRIBUTION, ETC. | |
| Date of publication, distribution, etc. | 2005 |
| 490 ## - SERIES STATEMENT | |
| Series statement | Estates Gazette |
| Volume/sequential designation | (0508) 26 February 2005, 188(1) |
| 520 ## - SUMMARY, ETC. | |
| Summary, etc. | Considers the forthcoming Regulatory Reform (Fire Safety) Order which will move responsibility for fire prevention from fire authorities to employers, owners and occupiers. The Order will reinforce risk assessment principles introduced by the Fire Precautions (Workplace) Regulations 1997 and amended 1999. Concludes that these responsible persons will need to ensure they revise their knowledge of fire safety law or else become liable for prosecution. |
| 590 ## - LOCAL NOTE (RLIN) | |
| Local note | ABS |
| 650 ## - SUBJECT ADDED ENTRY--TOPICAL TERM | |
| Topical term or geographic name entry element | RISK ASSESSMENT |
| 650 ## - SUBJECT ADDED ENTRY--TOPICAL TERM | |
| Topical term or geographic name entry element | FIRE RISK ASSESSMENT |
| 650 ## - SUBJECT ADDED ENTRY--TOPICAL TERM | |
| Topical term or geographic name entry element | FIRE PREVENTION |
| 650 ## - SUBJECT ADDED ENTRY--TOPICAL TERM | |
| Topical term or geographic name entry element | REGULATORY REFORM (FIRE SAFETY) ORDER 2005 |
| 650 ## - SUBJECT ADDED ENTRY--TOPICAL TERM | |
| Topical term or geographic name entry element | FIRE PRECAUTIONS (WORKPLACE) REGULATIONS 1997 |
| 690 ## - LOCAL SUBJECT ADDED ENTRY--TOPICAL TERM (OCLC, RLIN) | |
| Topical term or geographic name as entry element | Health and safety |
| 9 (RLIN) | 6244 |
| 942 ## - ADDED ENTRY ELEMENTS (KOHA) | |
| Suppress in OPAC | 0 |
| Withdrawn status | Lost status | Source of classification or shelving scheme | Damaged status | Not for loan | Home library | Current library | Shelving location | Date acquired | Total Checkouts | Full call number | Barcode | Date last seen | Copy number | Price effective from | Koha item type |
|---|---|---|---|---|---|---|---|---|---|---|---|---|---|---|---|
| Dewey Decimal Classification | London | London | Journal article | 15/03/2005 | X129065 | 129065-1001 | 06/08/2019 | 1 | 06/08/2019 | Journal article |